Kupónová privatizácia - iná alternatíva nie je

Názor autora na nechuť a príčiny odmietania privatizácie kupónovou metódou vládou a ministerstvami SR.

Na minha lista:
Detalhes bibliográficos
Autor principal: Vechter, Juraj
Formato: Capítulo de Livro
Idioma:eslovaco
Assuntos:
Tags: Adicionar Tag
Sem tags, seja o primeiro a adicionar uma tag!

MARC

LEADER 00000naa a2200000 4500
001 r014214
005 20221205080622.0
041 0 |a slo 
044 |a SK 
245 1 0 |a Kupónová privatizácia - iná alternatíva nie je  |c Juraj Vechter 
520 |a Názor autora na nechuť a príčiny odmietania privatizácie kupónovou metódou vládou a ministerstvami SR. 
610 2 0 |a privatizácia 
610 2 0 |a Slovensko 
610 2 0 |a 1993 
100 1 |a Vechter, Juraj